[Event "Irish New Year GM Norm 2020"]
[Site "Dublin IRL"]
[Date "2020.01.02"]
[Round "1.1"]
[White "Turner, Matthew"]
[Black "Li, Henry"]
[Result "1-0"]
[WhiteTitle "GM"]
[BlackTitle "FM"]
[WhiteElo "2521"]
[BlackElo "2288"]
[BlackICU "2276"]
[BlackClub "Gonzaga"]
[WhiteNationality "SCO"]
[BlackNationality "IRL"]
[WhiteFideId "402893"]
[BlackFideId "2508524"]
[PlyCount "65"]
[Venue "Talbot Hotel, Stillorgan"]
[EventDate "2020.01.02"]

{ Event information: <a
href="http://www.irlchess.com/icu-ny2020-gm_allfiles/pairings_icu-ny2020-gm.html">Tournament
report</a>. }

1. d4 Nf6 2. Nf3 g6 3. c4 Bg7 4. g3 O-O 5. Bg2 d6 6. O-O Nc6 7. Nc3 e5 8.
dxe5 dxe5 9. Bg5 Be6 10. Nd2 Qc8 11. Bxf6 Bxf6 12. Nd5 Bg7 13. Qa4 Kh8 14.
Nb3 Bh3 15. Bxh3 Qxh3 16. Nxc7 Rac8 17. Nb5 e4 18. Nd6 Ne5 19. f3 exf3 20.
exf3 Rcd8 21. Rad1 Qe6 22. c5 b6 23. f4 Ng4 24. Rfe1 Qf6 25. Qxa7 Ra8 26.
Qe7 Qxb2 27. Re2 Qc3 28. Nxf7+ Kg8 29. Ng5 Rae8 30. Qxe8 Rxe8 31. Rxe8+ Bf8
32. Rdd8 Kg7 33. Rd7+ 1-0

[Event "Irish New Year GM Norm 2020"]
[Site "Dublin IRL"]
[Date "2020.01.02"]
[Round "1.2"]
[White "Pajeken, Jakob Leon"]
[Black "Ryan, Joe"]
[Result "1/2-1/2"]
[WhiteTitle "IM"]
[BlackTitle "FM"]
[WhiteElo "2327"]
[BlackElo "2293"]
[BlackICU "2294"]
[WhiteNationality "GER"]
[BlackNationality "IRL"]
[WhiteFideId "12942839"]
[BlackFideId "2500426"]
[PlyCount "49"]
[Venue "Talbot Hotel, Stillorgan"]
[EventDate "2020.01.02"]

{ Event information: <a
href="http://www.irlchess.com/icu-ny2020-gm_allfiles/pairings_icu-ny2020-gm.html">Tournament
report</a>. }

1. d4 Nf6 2. Nf3 e6 3. e3 b6 4. c4 Bb7 5. Nc3 Bb4 6. Bd3 Ne4 7. Qc2 Bxc3+
8. bxc3 f5 9. O-O O-O 10. Nd2 Qh4 11. f3 Nxd2 12. Bxd2 Nc6 13. Rae1 Rf6 14.
Bc1 Na5 15. g3 Qh5 16. Qe2 Raf8 17. Ba3 R8f7 18. c5 g5 19. Ba6 Ba8 20. Qf2
g4 21. cxb6 axb6 22. fxg4 Qxg4 23. Qf4 Qxf4 24. Rxf4 Bd5 25. Bb4 1/2-1/2

[Event "Irish New Year GM Norm 2020"]
[Site "Dublin IRL"]
[Date "2020.01.02"]
[Round "1.3"]
[White "Collins, Sam"]
[Black "Kosten, Tony"]
[Result "1-0"]
[WhiteTitle "IM"]
[BlackTitle "GM"]
[WhiteElo "2446"]
[BlackElo "2402"]
[WhiteICU "2421"]
[WhiteClub "Gonzaga"]
[WhiteNationality "IRL"]
[BlackNationality "FRA"]
[WhiteFideId "2501198"]
[BlackFideId "400114"]
[PlyCount "69"]
[Venue "Talbot Hotel, Stillorgan"]
[EventDate "2020.01.02"]

{ Event information: <a
href="http://www.irlchess.com/icu-ny2020-gm_allfiles/pairings_icu-ny2020-gm.html">Tournament
report</a>. }

1. e4 e5 2. Nf3 Nc6 3. Bb5 a6 4. Ba4 Nf6 5. O-O Be7 6. Re1 d6 7. Bxc6+ bxc6
8. d4 exd4 9. Nxd4 Bd7 10. c4 O-O 11. Nc3 Re8 12. Qf3 Rb8 13. b3 c5 14. Nf5
Bxf5 15. exf5 Nd7 16. Bd2 Bf6 17. Rxe8+ Qxe8 18. Re1 Qd8 19. Nd5 Be5 20. g3
Nb6 21. Bc3 Bxc3 22. Ne7+ Kh8 23. Qxc3 Qf8 24. f6 Nd7 25. Nc6 Rc8 26. fxg7+
Qxg7 27. Qa5 Nf6 28. Ne7 Rf8 29. Qxc7 Ne8 30. Qd8 Qf6 31. Qc8 Qc3 32. Re3
Qa1+ 33. Kg2 Qg7 34. Nf5 Nf6 35. Qxa6 1-0

[Event "Irish New Year GM Norm 2020"]
[Site "Dublin IRL"]
[Date "2020.01.02"]
[Round "1.4"]
[White "Fitzsimons, David"]
[Black "Brady, Stephen"]
[Result "1-0"]
[WhiteTitle "IM"]
[BlackTitle "FM"]
[WhiteElo "2317"]
[BlackElo "2285"]
[WhiteICU "2342"]
[BlackICU "2264"]
[WhiteClub "Elm Mount"]
[BlackClub "St. Benildus"]
[WhiteNationality "IRL"]
[BlackNationality "IRL"]
[WhiteFideId "2501961"]
[BlackFideId "2500124"]
[PlyCount "81"]
[Venue "Talbot Hotel, Stillorgan"]
[EventDate "2020.01.02"]

{ Event information: <a
href="http://www.irlchess.com/icu-ny2020-gm_allfiles/pairings_icu-ny2020-gm.html">Tournament
report</a>. }

1. e4 c6 2. Nc3 d5 3. Nf3 dxe4 4. Nxe4 Nf6 5. Qe2 Nxe4 6. Qxe4 Qd5 7. Qh4
Qe6+ 8. Be2 Qg4 9. Qg3 Qxg3 10. hxg3 Nd7 11. b3 Nf6 12. Bb2 g6 13. Ne5 Bg7
14. Ng4 Bxg4 15. Bxg4 O-O 16. Bf3 Nd5 17. O-O-O Bxb2+ 18. Kxb2 Kg7 19. g4
h6 20. c4 Nc7 21. d4 Rfd8 22. Rhe1 Rd7 23. Kc3 Rad8 24. b4 Ne6 25. d5 cxd5
26. Rxd5 b6 27. a4 Kf6 28. Re3 Rxd5 29. Bxd5 Nf4 30. Bxf7 e5 31. g3 Kxf7
32. gxf4 exf4 33. Rf3 g5 34. Rd3 Re8 35. Rd7+ Kg6 36. c5 bxc5 37. bxc5 a5
38. Kd4 Re2 39. Kd3 Rxf2 40. c6 Rf1 41. Kc2 1-0

[Event "Irish New Year GM Norm 2020"]
[Site "Dublin IRL"]
[Date "2020.01.02"]
[Round "1.5"]
[White "Lopez, Alex"]
[Black "Pert, Nick"]
[Result "1/2-1/2"]
[WhiteTitle "IM"]
[BlackTitle "GM"]
[WhiteElo "2432"]
[BlackElo "2558"]
[WhiteICU "2441"]
[WhiteClub "Cork"]
[WhiteNationality "IRL"]
[BlackNationality "ENG"]
[WhiteFideId "2501430"]
[BlackFideId "403989"]
[PlyCount "62"]
[Venue "Talbot Hotel, Stillorgan"]
[EventDate "2020.01.02"]

{ Event information: <a
href="http://www.irlchess.com/icu-ny2020-gm_allfiles/pairings_icu-ny2020-gm.html">Tournament
report</a>. }

1. Nf3 Nf6 2. g3 g6 3. Bg2 Bg7 4. O-O O-O 5. c4 b6 6. d4 Bb7 7. d5 e6 8.
Nc3 exd5 9. cxd5 Re8 10. Nd4 Na6 11. Bg5 h6 12. Bf4 Nc5 13. Qd2 Nfe4 14.
Nxe4 Nxe4 15. Bxe4 Rxe4 16. Nb5 d6 17. Rac1 Qd7 18. Qd3 Rb4 19. Rxc7 Qxb5
20. Rxb7 Qxd3 21. exd3 Rxb2 22. Bxd6 Rd8 23. Rb8 Rxb8 24. Bxb8 Rxa2 25. Re1
Ra1 26. Rxa1 Bxa1 27. Bxa7 Bd4 28. Bb8 Kf8 29. Bf4 g5 30. Bd6+ Ke8 31. g4
b5 1/2-1/2

[Event "Irish New Year GM Norm 2020"]
[Site "Dublin IRL"]
[Date "2020.01.03"]
[Round "2.2"]
[White "Pert, Nick"]
[Black "Fitzsimons, David"]
[Result "1-0"]
[WhiteTitle "GM"]
[BlackTitle "IM"]
[WhiteElo "2558"]
[BlackElo "2317"]
[BlackICU "2342"]
[BlackClub "Elm Mount"]
[WhiteNationality "ENG"]
[BlackNationality "IRL"]
[WhiteFideId "403989"]
[BlackFideId "2501961"]
[PlyCount "137"]
[Venue "Talbot Hotel, Stillorgan"]
[EventDate "2020.01.02"]

{ Event information: <a
href="http://www.irlchess.com/icu-ny2020-gm_allfiles/pairings_icu-ny2020-gm.html">Tournament
report</a>. }

1. d4 Nf6 2. Nf3 g6 3. g3 Bg7 4. Bg2 O-O 5. O-O d6 6. Nc3 Nbd7 7. a4 e5 8.
dxe5 dxe5 9. a5 Qe7 10. Nd2 Rb8 11. b3 Rd8 12. Ba3 Nc5 13. Qc1 b6 14. Nde4
Nfxe4 15. Nxe4 f5 16. Nxc5 bxc5 17. Qe3 Rb5 18. Bb2 a6 19. Rfd1 Rd6 20.
Bd5+ Be6 21. c4 Rb8 22. Rac1 e4 23. Bxg7 Kxg7 24. Bxe6 Rxe6 25. Rd5 c6 26.
Rd2 Rd8 27. Rcd1 Rxd2 28. Rxd2 Kf7 29. Qh6 Kg8 30. Qe3 Kf7 31. Qh6 Kg8 32.
Qf4 Re5 33. Qe3 Kf7 34. Rd1 Re6 35. Qh6 Kg8 36. Qd2 Kf7 37. Kf1 Ke8 38. Qf4
Re5 39. h4 Qf6 40. Qh6 Re7 41. Qd2 Kf7 42. Qd8 f4 43. Qd6 fxg3 44. Qxg3 Qe5
45. Qxe5 Rxe5 46. Rd6 Re6 47. Rd8 e3 48. Ra8 Rf6 49. f3 Rd6 50. Rxa6 Rd1+
51. Kg2 Rd2 52. f4 Rxe2+ 53. Kf3 Rb2 54. Rxc6 Rxb3 55. Rxc5 Ra3 56. Rc7+
Ke6 57. Rxh7 e2+ 58. Kxe2 Kf5 59. h5 gxh5 60. Rxh5+ Kxf4 61. Kd2 Ke4 62.
Rd5 Ra4 63. Kc3 Ra1 64. Kb4 Rb1+ 65. Kc5 Ra1 66. Kb6 Rc1 67. Rc5 Kd4 68. a6
Rb1+ 69. Rb5 1-0

[Event "Irish New Year GM Norm 2020"]
[Site "Dublin IRL"]
[Date "2020.01.03"]
[Round "2.3"]
[White "Brady, Stephen"]
[Black "Collins, Sam"]
[Result "1/2-1/2"]
[WhiteTitle "FM"]
[BlackTitle "IM"]
[WhiteElo "2285"]
[BlackElo "2446"]
[WhiteICU "2264"]
[BlackICU "2421"]
[WhiteClub "St. Benildus"]
[BlackClub "Gonzaga"]
[WhiteNationality "IRL"]
[BlackNationality "IRL"]
[WhiteFideId "2500124"]
[BlackFideId "2501198"]
[PlyCount "138"]
[Venue "Talbot Hotel, Stillorgan"]
[EventDate "2020.01.02"]

{ Event information: <a
href="http://www.irlchess.com/icu-ny2020-gm_allfiles/pairings_icu-ny2020-gm.html">Tournament
report</a>. }

1. e4 e5 2. Nf3 Nc6 3. Bc4 Bc5 4. c3 Nf6 5. d3 a6 6. Nbd2 d6 7. Bb3 Ba7 8.
h3 O-O 9. Nf1 d5 10. Qe2 Be6 11. Ng3 dxe4 12. dxe4 Bxb3 13. axb3 a5 14. Bg5
Qd6 15. Nf5 Qe6 16. Bxf6 Qxf6 17. O-O Rfd8 18. Rfd1 Bb6 19. Nd2 Ne7 20.
Nxe7+ Qxe7 21. Nc4 Qc5 22. Ne3 c6 23. Rxd8+ Rxd8 24. Rd1 Qf8 25. Rd3 Rxd3
26. Qxd3 Qd8 27. Qxd8+ Bxd8 28. Kf1 f6 29. Ke2 Kf7 30. Kd3 Ke6 31. f3 g6
32. g4 Bb6 33. Nc4 Bd8 34. Ne3 Bb6 35. Nc4 Bc7 36. Ne3 Bd8 37. Nc4 Bc7 38.
Ne3 Kf7 39. Nc4 Ke7 40. Ne3 Ke6 41. Nc4 b5 42. Ne3 Bb6 43. Ng2 Bf2 44. Ke2
Bb6 45. Kd3 Bf2 46. Ke2 Bc5 47. Kd3 Bf8 48. Ke2 Bh6 49. Kd3 Bc1 50. Kc2 Bg5
51. Kd3 Kd6 52. Ne1 Bh4 53. Ng2 Bg3 54. Ne3 Kc5 55. Nc2 Kd6 56. Ne3 Bf2 57.
Ng2 Kc5 58. Ke2 Bg3 59. Kd3 Kb6 60. Ne3 Bf4 61. Ng2 Bg5 62. Ne1 Bh4 63. Ng2
Bg3 64. Ne3 Kc5 65. Nc2 Kd6 66. Ne3 Bf2 67. Ng2 Kc5 68. Ke2 Bg3 69. Kd3 Bf2
1/2-1/2

[Event "Irish New Year GM Norm 2020"]
[Site "Dublin IRL"]
[Date "2020.01.03"]
[Round "2.4"]
[White "Kosten, Tony"]
[Black "Pajeken, Jakob Leon"]
[Result "1/2-1/2"]
[WhiteTitle "GM"]
[BlackTitle "IM"]
[WhiteElo "2402"]
[BlackElo "2327"]
[WhiteNationality "FRA"]
[BlackNationality "GER"]
[WhiteFideId "400114"]
[BlackFideId "12942839"]
[PlyCount "87"]
[Venue "Talbot Hotel, Stillorgan"]
[EventDate "2020.01.02"]

{ Event information: <a
href="http://www.irlchess.com/icu-ny2020-gm_allfiles/pairings_icu-ny2020-gm.html">Tournament
report</a>. }

1. Nf3 d5 2. g3 Nf6 3. Bg2 Nbd7 4. c4 dxc4 5. Na3 e5 6. Nxc4 e4 7. Ng5 Nc5
8. d3 Bg4 9. Nxe4 Nfxe4 10. dxe4 Qxd1+ 11. Kxd1 O-O-O+ 12. Ke1 Be6 13. Nd2
g6 14. e5 Bg7 15. Nf3 Nd7 16. Ng5 Nxe5 17. Nxe6 fxe6 18. Bf4 h6 19. h4 Ng4
20. Rb1 e5 21. Bh3 exf4 22. Bxg4+ Kb8 23. gxf4 Rd6 24. Bf3 Rf8 25. e3 Rb6
26. Rg1 Bxb2 27. Kd2 Rff6 28. Be4 Rfd6+ 29. Kc2 Bf6 30. Rxb6 axb6 31. Rxg6
Bxh4 32. Rxd6 cxd6 33. f3 Kc7 34. Kd3 b5 35. Kd4 b4 36. Bd5 Be1 37. Ke4 Kd7
38. Kf5 Ke7 39. e4 Bd2 40. e5 b6 41. Bc4 h5 42. exd6+ Kxd6 43. Kg5 Ke7 44.
Kxh5 1/2-1/2

[Event "Irish New Year GM Norm 2020"]
[Site "Dublin IRL"]
[Date "2020.01.03"]
[Round "2.5"]
[White "Ryan, Joe"]
[Black "Turner, Matthew"]
[Result "0-1"]
[WhiteTitle "FM"]
[BlackTitle "GM"]
[WhiteElo "2293"]
[BlackElo "2521"]
[WhiteICU "2294"]
[WhiteNationality "IRL"]
[BlackNationality "SCO"]
[WhiteFideId "2500426"]
[BlackFideId "402893"]
[PlyCount "100"]
[Venue "Talbot Hotel, Stillorgan"]
[EventDate "2020.01.02"]

{ Event information: <a
href="http://www.irlchess.com/icu-ny2020-gm_allfiles/pairings_icu-ny2020-gm.html">Tournament
report</a>. }

1. e4 c6 2. Nf3 d5 3. d3 dxe4 4. dxe4 Qxd1+ 5. Kxd1 Bg4 6. Be2 Nd7 7. Nfd2
Bxe2+ 8. Kxe2 Ngf6 9. f3 Ne5 10. a4 g5 11. Na3 g4 12. f4 Ned7 13. e5 Nd5
14. Ne4 f5 15. exf6 exf6 16. c4 N5b6 17. b3 O-O-O 18. a5 Bxa3 19. axb6 axb6
20. Rxa3 Rhe8 21. Ra8+ Nb8 22. Kf2 Rxe4 23. Re1 Rxe1 24. Kxe1 Kc7 25. f5
Na6 26. Bf4+ Kd7 27. Ra7 Nc5 28. Kf1 Ke8 29. Bc7 Rd7 30. Bxb6 Nxb3 31. c5
Nd4 32. Ra8+ Kf7 33. h3 gxh3 34. gxh3 Nxf5 35. Kg2 Ke6 36. Re8+ Re7 37. Rd8
Ne3+ 38. Kf3 Nd5 39. Ba7 Kf5 40. Bb8 Re3+ 41. Kg2 Rb3 42. Rd7 h5 43. Rf7
Ne3+ 44. Kg3 h4+ 45. Kf3 Nd5+ 46. Kg2 Ke4 47. Rh7 Ne3+ 48. Kg1 Kf3 49. Rxh4
Rb1+ 50. Kh2 Nf1+ 0-1

[Event "Irish New Year GM Norm 2020"]
[Site "Dublin IRL"]
[Date "2020.01.03"]
[Round "3.1"]
[White "Pajeken, Jakob Leon"]
[Black "Lopez, Alex"]
[Result "0-1"]
[WhiteTitle "IM"]
[BlackTitle "IM"]
[WhiteElo "2327"]
[BlackElo "2432"]
[BlackICU "2441"]
[BlackClub "Cork"]
[WhiteNationality "GER"]
[BlackNationality "IRL"]
[WhiteFideId "12942839"]
[BlackFideId "2501430"]
[PlyCount "60"]
[Venue "Talbot Hotel, Stillorgan"]
[EventDate "2020.01.02"]

{ Event information: <a
href="http://www.irlchess.com/icu-ny2020-gm_allfiles/pairings_icu-ny2020-gm.html">Tournament
report</a>. }

1. d4 Nf6 2. c4 e6 3. Nf3 c5 4. d5 exd5 5. cxd5 d6 6. Nc3 a6 7. a4 g6 8. g3
Bg7 9. Bg2 O-O 10. O-O Re8 11. Re1 Nbd7 12. h3 Rb8 13. a5 Ne4 14. Nxe4 Rxe4
15. Qc2 Rb4 16. Nd2 b5 17. Ra2 c4 18. Ne4 Qc7 19. Bd2 Rb3 20. Bf4 Ne5 21.
Nd2 Rb4 22. Rc1 Bf5 23. e4 Bd7 24. Qc3 Qc5 25. Be3 Nd3 26. Qxd3 cxd3 27.
Bxc5 dxc5 28. Rxc5 Ra4 29. Ra3 Bf8 30. Nb3 b4 0-1

[Event "Irish New Year GM Norm 2020"]
[Site "Dublin IRL"]
[Date "2020.01.03"]
[Round "3.3"]
[White "Fitzsimons, David"]
[Black "Ryan, Joe"]
[Result "0-1"]
[WhiteTitle "IM"]
[BlackTitle "FM"]
[WhiteElo "2317"]
[BlackElo "2293"]
[WhiteICU "2342"]
[BlackICU "2294"]
[WhiteClub "Elm Mount"]
[WhiteNationality "IRL"]
[BlackNationality "IRL"]
[WhiteFideId "2501961"]
[BlackFideId "2500426"]
[PlyCount "102"]
[Venue "Talbot Hotel, Stillorgan"]
[EventDate "2020.01.02"]

{ Event information: <a
href="http://www.irlchess.com/icu-ny2020-gm_allfiles/pairings_icu-ny2020-gm.html">Tournament
report</a>. }

1. e4 d5 2. exd5 Qxd5 3. Nf3 Bg4 4. Be2 Nc6 5. d4 e5 6. c4 Qa5+ 7. Bd2 Bb4
8. d5 Bxf3 9. Bxf3 Nd4 10. Nc3 Qa6 11. Be2 Nf6 12. a3 Bxc3 13. Bxc3 Nxe2
14. Qxe2 O-O 15. b4 c6 16. dxc6 Qxc6 17. O-O Rfe8 18. Rac1 Rac8 19. Bb2 Nd7
20. Rfd1 Nb6 21. c5 Nd5 22. Qe4 Nf4 23. Qxc6 bxc6 24. Kf1 e4 25. Rc4 Nd3
26. Bc3 f5 27. g3 Rcd8 28. Rd4 Rxd4 29. Bxd4 Rd8 30. Bc3 Rd5 31. h4 g6 32.
Ke2 Kf7 33. Rd2 Ke6 34. f3 Rd7 35. Ke3 Kd5 36. g4 f4+ 37. Ke2 Kc4 38. Bf6
Nc1+ 39. Kd1 Rxd2+ 40. Kxd2 exf3 41. Ke1 Nd3+ 42. Kd2 f2 43. Ke2 f3+ 44.
Kf1 h5 45. gxh5 gxh5 46. Bg5 a6 47. Bh6 Kb3 48. Bd2 Kxa3 49. Bc3 Kb3 50.
Bd2 Kc2 51. Be3 Kc3 0-1

[Event "Irish New Year GM Norm 2020"]
[Site "Dublin IRL"]
[Date "2020.01.03"]
[Round "3.5"]
[White "Pert, Nick"]
[Black "Brady, Stephen"]
[Result "1-0"]
[WhiteTitle "GM"]
[BlackTitle "FM"]
[WhiteElo "2558"]
[BlackElo "2285"]
[BlackICU "2264"]
[BlackClub "St. Benildus"]
[WhiteNationality "ENG"]
[BlackNationality "IRL"]
[WhiteFideId "403989"]
[BlackFideId "2500124"]
[PlyCount "76"]
[Venue "Talbot Hotel, Stillorgan"]
[EventDate "2020.01.02"]

{ Event information: <a
href="http://www.irlchess.com/icu-ny2020-gm_allfiles/pairings_icu-ny2020-gm.html">Tournament
report</a>. }

1. d4 Nf6 2. c4 e6 3. Nf3 b6 4. a3 Ba6 5. Qc2 Bb7 6. Nc3 c5 7. dxc5 Bxc5 8.
Bf4 O-O 9. Rd1 Nc6 10. e4 Nh5 11. Bg5 f6 12. Bc1 g6 13. Be2 a6 14. b4 Be7
15. Be3 a5 16. b5 Na7 17. Na4 Nc8 18. c5 Qc7 19. c6 dxc6 20. Nd4 Ng7 21.
bxc6 Ba6 22. Bxa6 Rxa6 23. Qc4 b5 24. Qxb5 Ra8 25. Qb7 Ra7 26. Qxc7 Rxc7
27. Bh6 Rd8 28. Bxg7 Rxd4 29. Rxd4 Kxg7 30. Rc4 Bxa3 31. Ke2 Nd6 32. Rc2
Nxe4 33. Rd1 Kf7 34. Rd7+ Rxd7 35. cxd7 Ke7 36. Rc7 Kd8 37. Ra7 Bc5 38.
Ra8+ Kxd7 1-0

[Event "Irish New Year GM Norm 2020"]
[Site "Dublin IRL"]
[Date "2020.01.04"]
[Round "4.2"]
[White "Brady, Stephen"]
[Black "Lopez, Alex"]
[Result "1/2-1/2"]
[WhiteTitle "FM"]
[BlackTitle "IM"]
[WhiteElo "2285"]
[BlackElo "2432"]
[WhiteICU "2264"]
[BlackICU "2441"]
[WhiteClub "St. Benildus"]
[BlackClub "Cork"]
[WhiteNationality "IRL"]
[BlackNationality "IRL"]
[WhiteFideId "2500124"]
[BlackFideId "2501430"]
[PlyCount "81"]
[Venue "Talbot Hotel, Stillorgan"]
[EventDate "2020.01.02"]

{ Event information: <a
href="http://www.irlchess.com/icu-ny2020-gm_allfiles/pairings_icu-ny2020-gm.html">Tournament
report</a>. }

1. e4 e5 2. Nf3 Nf6 3. Nxe5 d6 4. Nf3 Nxe4 5. d4 Be7 6. Bd3 Nf6 7. h3 O-O
8. O-O Re8 9. c4 Nbd7 10. Nc3 Nf8 11. Bf4 Ne6 12. Bh2 Nh5 13. Re1 g6 14.
Qd2 Bd7 15. b4 Bf6 16. Be4 Bg7 17. Rad1 Nf6 18. Bc2 a5 19. b5 b6 20. Re2
Bc8 21. Be4 Nxe4 22. Nxe4 f5 23. Nc3 Bb7 24. Rde1 Bxf3 25. Rxe6 Rxe6 26.
Rxe6 Bb7 27. Bf4 Qd7 28. d5 Re8 29. Qe3 Kf7 30. Rxe8 Qxe8 31. Ne2 h6 32. h4
Qxe3 33. Bxe3 Bc8 34. g3 Bd7 35. f4 Bf6 36. Kf2 Ke7 37. Ke1 Kf7 38. Kf2 Ke7
39. Kg2 Kf7 40. Kf3 Ke7 41. Kf2 1/2-1/2

[Event "Irish New Year GM Norm 2020"]
[Site "Dublin IRL"]
[Date "2020.01.04"]
[Round "4.3"]
[White "Kosten, Tony"]
[Black "Fitzsimons, David"]
[Result "0-1"]
[WhiteTitle "GM"]
[BlackTitle "IM"]
[WhiteElo "2402"]
[BlackElo "2317"]
[BlackICU "2342"]
[BlackClub "Elm Mount"]
[WhiteNationality "FRA"]
[BlackNationality "IRL"]
[WhiteFideId "400114"]
[BlackFideId "2501961"]
[PlyCount "52"]
[Venue "Talbot Hotel, Stillorgan"]
[EventDate "2020.01.02"]

{ Event information: <a
href="http://www.irlchess.com/icu-ny2020-gm_allfiles/pairings_icu-ny2020-gm.html">Tournament
report</a>. }

1. c4 Nf6 2. g3 g6 3. Bg2 Bg7 4. Nc3 O-O 5. e3 d6 6. Nge2 e5 7. O-O Nc6 8.
h3 Be6 9. Nd5 Ne7 10. Nxe7+ Qxe7 11. b3 Qd7 12. Kh2 d5 13. d4 exd4 14. Nxd4
dxc4 15. Ba3 Rfd8 16. Bxb7 Bxh3 17. Bxa8 Bxf1 18. Qxf1 Rxa8 19. Qxc4 Ng4+
20. Kg2 Ne5 21. Qb5 c6 22. Qa5 Qg4 23. Rc1 Qe4+ 24. Kg1 h5 25. Bd6 Ng4 26.
Bc5 $4 (26. Qc3 $10) 26... Nxe3 0-1

[Event "Irish New Year GM Norm 2020"]
[Site "Dublin IRL"]
[Date "2020.01.04"]
[Round "4.4"]
[White "Collins, Sam"]
[Black "Pert, Nick"]
[Result "1/2-1/2"]
[WhiteTitle "IM"]
[BlackTitle "GM"]
[WhiteElo "2446"]
[BlackElo "2558"]
[WhiteICU "2421"]
[WhiteClub "Gonzaga"]
[WhiteNationality "IRL"]
[BlackNationality "ENG"]
[WhiteFideId "2501198"]
[BlackFideId "403989"]
[PlyCount "46"]
[Venue "Talbot Hotel, Stillorgan"]
[EventDate "2020.01.02"]

{ Event information: <a
href="http://www.irlchess.com/icu-ny2020-gm_allfiles/pairings_icu-ny2020-gm.html">Tournament
report</a>. }

1. e4 c5 2. Nf3 Nc6 3. Bb5 g6 4. O-O Bg7 5. Re1 e5 6. Bxc6 dxc6 7. d3 Qe7
8. a3 Nf6 9. b4 O-O 10. bxc5 Qxc5 11. a4 Re8 12. Ba3 Qa5 13. Nbd2 Be6 14.
Qb1 Bh6 15. Bb4 Qc7 16. a5 Nd7 17. Qb2 f6 18. h3 Bf7 19. Nf1 b5 20. axb6
axb6 21. Bd2 Bg7 22. Rxa8 Rxa8 23. Ra1 Qb7 1/2-1/2

[Event "Irish New Year GM Norm 2020"]
[Site "Dublin IRL"]
[Date "2020.01.04"]
[Round "5.4"]
[White "Ryan, Joe"]
[Black "Collins, Sam"]
[Result "0-1"]
[WhiteTitle "FM"]
[BlackTitle "IM"]
[WhiteElo "2293"]
[BlackElo "2446"]
[WhiteICU "2294"]
[BlackICU "2421"]
[BlackClub "Gonzaga"]
[WhiteNationality "IRL"]
[BlackNationality "IRL"]
[WhiteFideId "2500426"]
[BlackFideId "2501198"]
[PlyCount "140"]
[Venue "Talbot Hotel, Stillorgan"]
[EventDate "2020.01.02"]

{ Event information: <a
href="http://www.irlchess.com/icu-ny2020-gm_allfiles/pairings_icu-ny2020-gm.html">Tournament
report</a>. }

1. e4 e5 2. Nf3 Nc6 3. Bc4 Nf6 4. d3 Bc5 5. O-O d6 6. c3 a6 7. Bb3 Ba7 8.
Re1 O-O 9. h3 Be6 10. Nbd2 h6 11. Nf1 d5 12. Ng3 dxe4 13. dxe4 Qxd1 14.
Rxd1 Bxb3 15. axb3 Rfd8 16. Rxd8+ Rxd8 17. Bd2 a5 18. Be1 Nd7 19. Rd1 f6
20. Kf1 Nc5 21. Rxd8+ Nxd8 22. Nd2 b5 23. Nf5 Nd3 24. c4 b4 25. Ke2 Nf4+
26. Kf3 Bc5 27. h4 Nde6 28. g3 Nd3 29. Ke2 Nxb2 30. h5 Kf7 31. f3 Kf8 32.
Nb1 a4 33. bxa4 Nxa4 34. Nd2 Nd4+ 35. Nxd4 Bxd4 36. Nb3 c5 37. Na5 Ke8 38.
Bd2 Kd7 39. Bc1 Kc7 40. Kd3 Nb6 41. f4 exf4 42. gxf4 Kd6 43. Nb3 Bg1 44.
Bb2 Nd7 45. Na5 Bh2 46. Ke3 Ke7 47. Nb7 Nb6 48. Na5 Kf7 49. e5 Ke6 50. exf6
gxf6 51. Ke4 f5+ 52. Kf3 Kf7 53. Be5 Bg1 54. Bd6 Nd7 55. Nb3 Ke6 56. Bc7
Bd4 57. Bd8 Bf6 58. Bc7 Be7 59. Kg3 Nf6 60. Be5 Nxh5+ 61. Kf3 Bd6 62. Bxd6
Kxd6 63. Na5 Kc7 64. Ke3 Ng7 65. Nb3 Ne6 66. Nc1 Kb6 67. Nd3 Ka5 68. Ne1 h5
69. Ng2 b3 70. Kd3 Kb4 0-1

[Event "Irish New Year GM Norm 2020"]
[Site "Dublin IRL"]
[Date "2020.01.05"]
[Round "6.1"]
[White "Collins, Sam"]
[Black "Li, Henry"]
[Result "1/2-1/2"]
[WhiteTitle "IM"]
[BlackTitle "FM"]
[WhiteElo "2446"]
[BlackElo "2288"]
[WhiteICU "2421"]
[BlackICU "2276"]
[WhiteClub "Gonzaga"]
[BlackClub "Gonzaga"]
[WhiteNationality "IRL"]
[BlackNationality "IRL"]
[WhiteFideId "2501198"]
[BlackFideId "2508524"]
[PlyCount "91"]
[Venue "Talbot Hotel, Stillorgan"]
[EventDate "2020.01.02"]

{ Event information: <a
href="http://www.irlchess.com/icu-ny2020-gm_allfiles/pairings_icu-ny2020-gm.html">Tournament
report</a>. }

1. e4 e5 2. Nf3 Nc6 3. Bb5 a6 4. Ba4 Nf6 5. O-O Nxe4 6. d4 b5 7. Bb3 d5 8.
dxe5 Be6 9. Qe2 Be7 10. Rd1 O-O 11. c4 bxc4 12. Bxc4 Bc5 13. Be3 Bxe3 14.
Qxe3 Qb8 15. Bb3 Rd8 16. Nc3 Nxc3 17. Qxc3 Qb6 18. Rac1 Na5 19. Nd4 Nc4 20.
h3 h6 21. Kh2 c5 22. Nxe6 Qxe6 23. Bxc4 dxc4 24. f4 Rxd1 25. Rxd1 Rb8 26.
Qc2 c3 27. bxc3 Qc4 28. Qf5 Qxa2 29. Rd6 Qc4 30. Qg4 Kh8 31. Qg3 Re8 32. f5
Qe4 33. f6 Qxe5 34. fxg7+ Qxg7 35. Rxa6 Qxg3+ 36. Kxg3 Re3+ 37. Kf4 Rxc3
38. Rxh6+ Kg7 39. Rc6 c4 40. h4 Rc1 41. h5 c3 42. h6+ Kh7 43. Kg5 c2 44.
Rc7 Rf1 45. Rxc2 f6+ 46. Kg4 1/2-1/2